[Event "Reykjavik Open 2015"]
[Site "Reykjavik ISL"]
[Date "2015.03.12"]
[Round "4.26"]
[White "Ptacnikova, Lenka"]
[Black "Le Roux, Jean-Pierre"]
[Result "0-1"]
[WhiteTitle "WGM"]
[BlackTitle "GM"]
[WhiteElo "2242"]
[BlackElo "2548"]
[WhiteFideId "305650"]
[BlackFideId "609404"]
[EventDate "2015.03.10"]

1. c4 g6 2. g3 Bg7 3. Bg2 c5 4. Nc3 Nc6 5. Nf3 d6 6. O-O e6 7. e3 Nge7 8. d4 O-O
9. dxc5 dxc5 10. Na4 b6 11. Bd2 Qc7 12. Bc3 e5 13. b3 Bb7 14. Qe2 Rfe8 15. Qb2
Nf5 16. Rfd1 h6 17. a3 Rad8 18. b4 Ncd4 19. exd4 cxd4 20. Be1 e4 21. Nxd4 Nxd4
22. Bc3 Qxc4 23. Kh1 Bc6 24. b5 Bxb5 25. Bf1 Qxa4 26. Rxd4 Bxd4 27. Bxd4 Qxd4
28. Qxd4 Rxd4 29. Bxb5 Re5 0-1

[Event "Reykjavik Open 2015"]
[Site "Reykjavik ISL"]
[Date "2015.03.12"]
[Round "4.27"]
[White "Rasmussen, Allan Stig"]
[Black "Zhou, Qiyu"]
[Result "1-0"]
[WhiteTitle "GM"]
[BlackTitle "WFM"]
[WhiteElo "2532"]
[BlackElo "2182"]
[WhiteFideId "1406000"]
[BlackFideId "505161"]
[EventDate "2015.03.10"]

1. d4 Nf6 2. c4 e6 3. a3 d5 4. Nc3 Be7 5. Nf3 O-O 6. Bf4 c6 7. e3 Nbd7 8. h3 b6
9. cxd5 exd5 10. Bd3 Bb7 11. O-O Re8 12. b4 Nf8 13. Qc2 h6 14. Rfe1 Ne6 15. Bh2
Rc8 16. Ne5 Bd6 17. Qb1 Re7 18. Ra2 c5 19. bxc5 bxc5 20. Nb5 Bb8 21. Rb2 cxd4
22. Nxd4 Nc5 23. Bf5 Bxe5 24. Bxe5 Rxe5 25. Bxc8 Qxc8 26. Rc1 Nfd7 27. Rb5 Re7
28. Qb4 Kh7 29. Qa5 a6 30. Rbxc5 Nxc5 31. Rxc5 Qd7 32. Qb6 g6 33. Qf6 Re8 34. h4
Qe7 35. Qf4 Rc8 36. Rxc8 Bxc8 37. Nc6 Qf8 38. Qc7 Be6 39. Nd4 Qe8 40. Qb7 Qc8
41. Qe7 Kg7 42. Qd6 Kh7 43. Kh2 Kg7 44. Kg3 Kf6 45. Nc6 Kg7 46. Nd4 Kf6 47. Qf4+
Kg7 48. Qe5+ Kh7 49. Qd6 Kg7 50. a4 Kf6 51. Qf4+ Kg7 52. Qe5+ Kh7 53. Qd6 Kg7
54. a5 Kf6 55. Qf4+ Kg7 56. Qe5+ Kh7 57. Qd6 Kg7 58. Kh2 Kh7 59. Nc6 Kg7 60. h5
g5 61. f3 g4 62. f4 Kh7 63. Kg3 Qb7 64. Nd4 Bc8 65. Qf6 Qd7 66. Kh4 g3 67. f5
Qe8 68. Kh3 Bb7 69. Nf3 Bc8 70. Ne5 Kg8 71. Kxg3 Qf8 72. Kh2 Bb7 73. Ng4 Kh7 74.
Qe5 1-0

[Event "Reykjavik Open 2015"]
[Site "Reykjavik ISL"]
[Date "2015.03.12"]
[Round "4.28"]
[White "Grover, Sahaj"]
[Black "Thorgeirsson, Jon Kristinn"]
[Result "1/2-1/2"]
[WhiteTitle "GM"]
[WhiteElo "2519"]
[BlackElo "2177"]
[WhiteFideId "5021103"]
[BlackFideId "2307731"]
[EventDate "2015.03.10"]

1. e4 e5 2. Nf3 Nc6 3. Bb5 a6 4. Ba4 Nf6 5. O-O Bc5 6. c3 b5 7. Bb3 d6 8. d3 O-O
9. h3 Bb6 10. Re1 Na5 11. Bc2 c5 12. Nbd2 Nc6 13. Nf1 Re8 14. a4 b4 15. Bg5 h6
16. Bh4 Ba5 17. Qd2 bxc3 18. bxc3 Nd4 19. Bd1 Rb8 20. Qc1 Ne6 21. Bxf6 Qxf6 22.
g3 Nc7 23. Ne3 Be6 24. Nd2 d5 25. exd5 Nxd5 26. Nec4 Bxc3 27. Ne4 Bxe1 28. Nxf6+
Nxf6 29. Bf3 Bb4 30. Nxe5 Bd5 31. Bxd5 Nxd5 32. Nf3 Nc3 33. Kf1 Rbd8 34. Qf4 Re6
35. Ne5 Rf6 36. Qc4 Rd4 37. Qb3 Re6 38. f4 Nd5 39. Kf2 Rb6 40. Qd1 Bc3 41. Rc1
Rb2+ 42. Rc2 Rdb4 43. Nc4 Rxc2+ 44. Qxc2 Bd4+ 45. Kf3 Nc3 46. a5 Rb1 47. Nd6
Rf1+ 48. Kg4 Nd5 49. Qa2 c4 50. Nf5 h5+ 51. Kxh5 g6+ 52. Kh6 gxf5 53. Qxc4 Bg7+
54. Kg5 Bf6+ 55. Kh6 Bg7+ 56. Kg5 Bf6+ 57. Kh5 Ne7 58. Kh6 1/2-1/2

[Event "Reykjavik Open 2015"]
[Site "Reykjavik ISL"]
[Date "2015.03.12"]
[Round "4.29"]
[White "Morshedi, Ali"]
[Black "Danielsen, Henrik"]
[Result "0-1"]
[WhiteTitle "FM"]
[BlackTitle "GM"]
[WhiteElo "2221"]
[BlackElo "2514"]
[WhiteFideId "2021730"]
[BlackFideId "1400185"]
[EventDate "2015.03.10"]

1. e4 d6 2. d4 Nf6 3. Nc3 Nbd7 4. Nf3 e5 5. Bc4 Be7 6. O-O O-O 7. Re1 c6 8. a4
a5 9. h3 Nb6 10. Bf1 exd4 11. Nxd4 d5 12. e5 Ne8 13. Qh5 g6 14. Qh6 Ng7 15. Bd3
Re8 16. Nf3 Ne6 17. b3 Bf8 18. Qd2 Bb4 19. Ba3 Bxa3 20. Rxa3 Nd7 21. Raa1 Ndc5
22. Bf1 Qb6 23. Qh6 Qb4 24. Ne2 Ne4 25. Rad1 Qf8 26. Qc1 Qg7 27. Qb2 N6c5 28.
Nc3 f5 29. exf6 Qxf6 30. Re3 Bd7 31. Qa1 Nxf2 32. Nxd5 Qxa1 33. Rxa1 Nxh3+ 34.
gxh3 cxd5 35. Rxe8+ Rxe8 36. Rd1 Bc6 37. Nd4 Ne6 38. Ne2 Ng5 39. Rd3 Re5 40. h4
Ne6 41. Kf2 Kg7 42. Rh3 d4 43. Nc1 Nf4 44. Rg3 Rc5 45. Bc4 Be4 46. c3 Rf5 0-1

[Event "Reykjavik Open 2015"]
[Site "Reykjavik ISL"]
[Date "2015.03.12"]
[Round "4.30"]
[White "Arnold, Max"]
[Black "Idani, Pouya"]
[Result "0-1"]
[BlackTitle "GM"]
[WhiteElo "2189"]
[BlackElo "2496"]
[WhiteFideId "24682810"]
[BlackFideId "12510130"]
[EventDate "2015.03.10"]

1. e4 c5 2. Nf3 d6 3. Bb5+ Bd7 4. c4 g6 5. Nc3 Bg7 6. d4 cxd4 7. Nxd4 Nf6 8. O-O
O-O 9. Bxd7 Qxd7 10. b3 Nc6 11. Bb2 e6 12. Re1 Rfd8 13. Nxc6 Qxc6 14. Qe2 a6 15.
Rac1 Rac8 16. Na4 b5 17. cxb5 Qxb5 18. Qf3 Nd7 19. Bxg7 Kxg7 20. Qe3 Qb4 21. h3
Nf6 22. Rcd1 d5 23. exd5 Rxd5 24. Qe2 a5 25. Rxd5 exd5 26. Rd1 h5 27. Qb2 Qe4
28. Nb6 Rc2 29. Qa1 Qf4 30. Qd4 Qxd4 31. Rxd4 Rc1+ 32. Kh2 Rc6 33. Na4 g5 34.
Rd2 Kg6 35. g3 Kf5 36. Kg2 Ke5 37. Re2+ Kd6 38. a3 d4 39. Rd2 Kd5 40. Nb2 Ne4
41. Re2 Rc3 42. f3 Nd6 0-1

[Event "Reykjavik Open 2015"]
[Site "Reykjavik ISL"]
[Date "2015.03.12"]
[Round "4.31"]
[White "Schou-Moldt, Thomas"]
[Black "Rombaldoni, Axel"]
[Result "0-1"]
[BlackTitle "GM"]
[WhiteElo "2211"]
[BlackElo "2488"]
[WhiteFideId "1401297"]
[BlackFideId "815837"]
[EventDate "2015.03.10"]

1. e4 e6 2. d4 d5 3. Nd2 Be7 4. c3 c5 5. dxc5 Nf6 6. exd5 Qxd5 7. b4 a5 8. Ngf3
b6 9. Nc4 Nbd7 10. Nxb6 Nxb6 11. cxb6 axb4 12. Qxd5 Nxd5 13. Bb5+ Bd7 14. b7 Rb8
15. Bxd7+ Kxd7 16. Ne5+ Kc7 17. c4 Bf6 18. f4 Ne7 19. Bb2 Ng6 20. O-O Rxb7 21.
Rad1 Ra8 22. Rd7+ Kc8 23. Rxb7 Kxb7 24. g3 Rxa2 25. Rb1 Nxe5 26. Bxe5 Ra4 27.
Bd6 Bc3 28. Kg2 Kc6 29. Bf8 Kb6 30. Kf3 Ka5 31. h4 f5 32. h5 Ra3 33. Kg2 Ka4 34.
c5 Ra2+ 35. Kh3 Rc2 36. c6 b3 37. Bc5 Bf6 38. Bd6 Rxc6 0-1

[Event "Reykjavik Open 2015"]
[Site "Reykjavik ISL"]
[Date "2015.03.12"]
[Round "4.32"]
[White "Bekker-Jensen, Simon"]
[Black "Haessel, Dale R."]
[Result "1-0"]
[WhiteTitle "IM"]
[BlackTitle "FM"]
[WhiteElo "2462"]
[BlackElo "2174"]
[WhiteFideId "1403613"]
[BlackFideId "2012618"]
[EventDate "2015.03.10"]

1. c4 c5 2. g3 Nf6 3. Bg2 g6 4. Nc3 Bg7 5. Nf3 O-O 6. O-O d5 7. cxd5 Nxd5 8. Qb3
Nxc3 9. bxc3 Nc6 10. d3 e5 11. Nd2 Qc7 12. Qb5 Nd8 13. Ba3 Ne6 14. Nb3 a6 15.
Qc4 b5 16. Qd5 Ra7 17. Nxc5 Rd8 18. Nxe6 Bxe6 19. Qc5 Qb8 20. Qe3 Rc8 21. Rfc1
a5 22. Bd6 1-0

[Event "Reykjavik Open 2015"]
[Site "Reykjavik ISL"]
[Date "2015.03.12"]
[Round "4.33"]
[White "Byron, Alan M"]
[Black "Galego, Luis"]
[Result "1/2-1/2"]
[BlackTitle "GM"]
[WhiteElo "2172"]
[BlackElo "2461"]
[WhiteFideId "401773"]
[BlackFideId "1900072"]
[EventDate "2015.03.10"]

1. e4 c5 2. Nf3 e6 3. d4 cxd4 4. Nxd4 a6 5. Bd3 Nf6 6. Nc3 Qc7 7. O-O Bc5 8. Nb3
Be7 9. f4 d6 10. Qf3 Nc6 11. Kh1 O-O 12. Bd2 b5 13. a4 b4 14. Ne2 Bb7 15. Rae1
g6 16. Qh3 Na5 17. Nxa5 Qxa5 18. Ng3 Qxa4 19. e5 Nd7 20. f5 Nxe5 21. Rxe5 dxe5
22. fxg6 hxg6 23. Bxg6 fxg6 24. Qxe6+ Kh8 25. Qxe5+ Kg8 26. Qe6+ Kh8 27. Qe5+
Kg8 28. Qe6+ Kh8 1/2-1/2

[Event "Reykjavik Open 2015"]
[Site "Reykjavik ISL"]
[Date "2015.03.12"]
[Round "4.34"]
[White "Preotu, Razvan"]
[Black "Loftsson, Hrafn"]
[Result "1-0"]
[WhiteTitle "IM"]
[WhiteElo "2447"]
[BlackElo "2171"]
[WhiteFideId "2613280"]
[BlackFideId "2300729"]
[EventDate "2015.03.10"]

1. e4 c5 2. Nf3 Nc6 3. Nc3 Nf6 4. Bb5 Nd4 5. e5 Nxb5 6. Nxb5 Nd5 7. Ng5 f6 8.
exf6 Nxf6 9. O-O e6 10. d4 a6 11. Nc3 cxd4 12. Qxd4 Be7 13. b3 O-O 14. Bb2 b5
15. Qd3 h6 16. Nce4 Ne8 17. Nf3 Bb7 18. Ne5 Nf6 19. Ng3 Nd5 20. Ng6 Nf4 21. Nxf4
Rxf4 22. Bxg7 Bg5 23. Be5 Qe8 24. Bxf4 Bxf4 25. a4 Bc6 26. axb5 Bxb5 27. c4 Bc6
28. b4 Rb8 29. Rfb1 Bb7 30. b5 Be5 31. bxa6 Bxa1 32. axb7 Be5 33. Qe3 Qg6 34.
Rb5 Bc7 35. Qc5 Bf4 36. Nh5 Qd3 37. g3 Bd6 38. Qc8+ 1-0

[Event "Reykjavik Open 2015"]
[Site "Reykjavik ISL"]
[Date "2015.03.12"]
[Round "4.35"]
[White "Petrov, Nikita"]
[Black "Einarsson, Halldor Gretar"]
[Result "1-0"]
[WhiteTitle "IM"]
[BlackTitle "FM"]
[WhiteElo "2435"]
[BlackElo "2166"]
[WhiteFideId "4101286"]
[BlackFideId "2300150"]
[EventDate "2015.03.10"]

1. d4 Nf6 2. Nf3 g6 3. c4 Bg7 4. Nc3 d5 5. cxd5 Nxd5 6. e4 Nxc3 7. bxc3 c5 8.
Bb5+ Nc6 9. d5 Qa5 10. Rb1 a6 11. Bxc6+ bxc6 12. O-O O-O 13. dxc6 Be6 14. Bf4
Rac8 15. c7 Bxc3 16. Rb8 Bg4 17. h3 Bxf3 18. Rxc8 Rxc8 19. Qd7 1-0

[Event "Reykjavik Open 2015"]
[Site "Reykjavik ISL"]
[Date "2015.03.12"]
[Round "4.36"]
[White "Wang, Yiye"]
[Black "Ingvason, Johann"]
[Result "1-0"]
[WhiteTitle "IM"]
[WhiteElo "2433"]
[BlackElo "2135"]
[WhiteFideId "8606021"]
[BlackFideId "2301431"]
[EventDate "2015.03.10"]

1. e4 c5 2. Nf3 e6 3. d4 cxd4 4. Nxd4 Nc6 5. Nc3 Qc7 6. Be3 a6 7. Qd2 Nf6 8. f4
Bb4 9. Bd3 d6 10. a3 Bxc3 11. Qxc3 Bd7 12. O-O O-O 13. Kh1 Rac8 14. Qe1 Ng4 15.
Nxc6 Qxc6 16. Bd2 f5 17. e5 dxe5 18. fxe5 Qd5 19. Bf4 Bc6 20. Qg3 Kh8 21. Rad1
Rcd8 22. Rd2 Qa5 23. Re2 Rd7 24. Bd2 Qd8 25. Bb4 Rg8 26. Bd6 b5 27. c4 Qa8 28.
c5 a5 29. Rf4 b4 30. h3 Nh6 31. axb4 axb4 32. Rxb4 Rb7 33. Rxb7 Qxb7 34. Bc4 Bd5
35. Qd3 Be4 36. Qb3 Qf7 37. Bxe6 Qh5 38. Rxe4 fxe4 39. Bxg8 Nxg8 40. c6 Qe2 41.
c7 Qe1+ 42. Kh2 Qc1 43. Qc3 1-0

[Event "Reykjavik Open 2015"]
[Site "Reykjavik ISL"]
[Date "2015.03.12"]
[Round "4.37"]
[White "Thorhallsson, Throstur"]
[Black "Gonzalez Pruneda, Arturo"]
[Result "1-0"]
[WhiteTitle "GM"]
[WhiteElo "2428"]
[BlackElo "2131"]
[WhiteFideId "2300109"]
[BlackFideId "2256860"]
[EventDate "2015.03.10"]

1. e4 c5 2. Nf3 e6 3. d4 cxd4 4. Nxd4 a6 5. Bd3 Qc7 6. Be3 Nf6 7. c4 Nc6 8. Nxc6
Qxc6 9. Nc3 Bb4 10. Qb3 Bxc3+ 11. Qxc3 O-O 12. e5 Ng4 13. Bd4 d6 14. O-O dxe5
15. Bxe5 f6 16. Bg3 b6 17. Rfe1 f5 18. Be2 Nf6 19. Bf3 Ne4 20. Bxe4 fxe4 21.
Rad1 b5 22. c5 Rf5 23. Be5 b4 24. Rd8+ Kf7 25. Qg3 g6 26. Rh8 1-0

[Event "Reykjavik Open 2015"]
[Site "Reykjavik ISL"]
[Date "2015.03.12"]
[Round "4.38"]
[White "Esserman, Marc"]
[Black "Tolhuizen, Ludo"]
[Result "1/2-1/2"]
[WhiteTitle "IM"]
[WhiteElo "2426"]
[BlackElo "2123"]
[WhiteFideId "2018616"]
[BlackFideId "1000802"]
[EventDate "2015.03.10"]

1. e4 d5 2. exd5 Qxd5 3. Nc3 Qd8 4. d4 Nf6 5. Nf3 c6 6. Bc4 Bf5 7. Ne5 e6 8. g4
Bg6 9. h4 Bb4 10. h5 Be4 11. Rh3 Nbd7 12. Nd3 Bg2 13. Rh2 Bd5 14. Bb3 Bxc3+ 15.
bxc3 Qa5 16. Bd2 Ne4 17. c4 Nxd2 18. Qxd2 Qxd2+ 19. Kxd2 Be4 20. h6 gxh6 21.
Rxh6 O-O-O 22. Ke3 Bxd3 23. cxd3 c5 24. dxc5 Ne5 25. f3 Nxd3 26. Rh5 f5 27. Rd1
Nxc5 28. Rxd8+ Kxd8 29. Bc2 Ke7 30. gxf5 exf5 31. Bxf5 h6 32. Kd4 Ne6+ 33. Ke5
Ng7 34. Rh3 Nxf5 35. Kxf5 Kf7 36. f4 Rc8 37. Rxh6 Rc5+ 38. Kg4 Rxc4 39. Rh7+ Kf6
40. Rxb7 Ra4 41. Rb2 Ra3 42. Rc2 Ra6 43. Rh2 Ra3 44. Rh6+ Kf7 45. Kg5 Rxa2 46.
Rh7+ Kg8 47. Rb7 Ra6 48. f5 Kf8 49. Rc7 Rb6 50. Rxa7 Rc6 51. Rb7 Ra6 52. Rd7 Rb6
53. Rh7 Ra6 54. Rb7 Rc6 55. f6 Rc1 56. Rb8+ Kf7 57. Rb7+ Kf8 58. Kg6 Rg1+ 59.
Kf5 Rf1+ 60. Ke6 Re1+ 61. Kf5 Rf1+ 62. Kg6 Rg1+ 1/2-1/2

[Event "Reykjavik Open 2015"]
[Site "Reykjavik ISL"]
[Date "2015.03.12"]
[Round "4.39"]
[White "Sequera Paolini, Jose Rafael"]
[Black "Gulbrandsen, Tor"]
[Result "1-0"]
[WhiteTitle "IM"]
[WhiteElo "2408"]
[BlackElo "2095"]
[WhiteFideId "3900304"]
[BlackFideId "1504142"]
[EventDate "2015.03.10"]

1. f4 Nf6 2. Nf3 g6 3. g3 Bg7 4. Bg2 O-O 5. O-O c5 6. Nc3 d5 7. d3 Nc6 8. e4
dxe4 9. dxe4 e5 10. Qxd8 Rxd8 11. fxe5 Ng4 12. Bg5 Rf8 13. Nd5 Ngxe5 14. Nxe5
Bxe5 15. c3 b6 16. Bf6 Be6 17. Ne7+ Nxe7 18. Bxe5 Rad8 19. Bf6 Rd7 20. b3 Rfd8
21. Bf3 Kf8 22. Rad1 Rd3 23. Rxd3 Rxd3 24. Rd1 Rxd1+ 25. Bxd1 Nc8 26. Kf2 Ke8
27. Ke3 Kd7 28. Be2 Kc6 29. g4 a5 30. h4 Nd6 31. e5 Nb5 32. Kd3 Nc7 33. c4 Na6
34. a4 Kd7 35. Ke4 Nb4 36. Kf4 Nc2 37. Bd1 Ne1 38. Ke4 h6 39. Bg7 Ng2 40. Bxh6
Nxh4 41. Bg5 Ng2 42. Kf3 Ne1+ 43. Ke2 Nc2 44. Bxc2 Bxg4+ 45. Ke3 1-0

[Event "Reykjavik Open 2015"]
[Site "Reykjavik ISL"]
[Date "2015.03.12"]
[Round "4.40"]
[White "Soors, Stef"]
[Black "Bergsson, Stefan"]
[Result "1-0"]
[WhiteTitle "IM"]
[WhiteElo "2408"]
[BlackElo "2063"]
[WhiteFideId "209511"]
[BlackFideId "2301393"]
[EventDate "2015.03.10"]

1. e4 e5 2. Nf3 Nc6 3. Nc3 Nf6 4. Bb5 Nd4 5. Bc4 Bc5 6. Nxe5 Qe7 7. Nf3 d5 8.
Nxd5 Qxe4+ 9. Ne3 Bg4 10. Be2 Nxe2 11. Qxe2 O-O-O 12. d3 Qe7 13. O-O Nd5 14. Bd2
Rhe8 15. Rae1 Bh5 16. Qd1 Qd7 17. Nxd5 Qxd5 18. a3 Re6 19. Rxe6 fxe6 20. Re1 Bd4
21. Bc1 Rf8 22. Re4 Bb6 23. Be3 Rf6 24. h3 g5 25. c4 Qd6 26. Bxg5 Rxf3 27. d4
Rxh3 28. Bf4 Qf8 29. Qe1 Rh4 30. c5 Ba5 31. b4 Rxf4 32. Rxf4 Qxf4 33. Qxe6+ Kd8
34. Qd5+ Ke7 35. Qxh5 Qc1+ 36. Kh2 Qf4+ 37. Kh3 Qxd4 38. Qxh7+ Ke6 39. Qg6+ Kd5
40. Qf7+ Kc6 41. Qe8+ Kd5 42. Qd7+ Kc4 43. Qxd4+ Kxd4 44. bxa5 Kxc5 45. g4 Kd4
46. g5 Ke5 47. f4+ Kf5 48. Kg3 b6 49. axb6 axb6 50. a4 c5 51. Kf3 1-0

[Event "Reykjavik Open 2015"]
[Site "Reykjavik ISL"]
[Date "2015.03.12"]
[Round "4.41"]
[White "Shen, Victor C"]
[Black "Skovgaard, Tom"]
[Result "1-0"]
[WhiteTitle "IM"]
[WhiteElo "2401"]
[BlackElo "2042"]
[WhiteFideId "2028581"]
[BlackFideId "1406337"]
[EventDate "2015.03.10"]

1. e4 Nf6 2. e5 Nd5 3. d4 d6 4. Nf3 Nb6 5. h3 Nc6 6. exd6 cxd6 7. c4 g6 8. Be2
Bg7 9. O-O O-O 10. Nc3 Bf5 11. b3 e5 12. Be3 h6 13. Qd2 Kh7 14. a4 e4 15. Nh2 d5
16. c5 Nc8 17. Rac1 N8e7 18. Nb5 Be6 19. Nd6 Na5 20. Rb1 b6 21. b4 bxc5 22. dxc5
d4 23. Bxd4 Nb3 24. Rxb3 Bxd4 25. Rbb1 Nf5 26. Nxe4 Ng3 27. Rfd1 Nxe4 28. Qxd4
Qxd4 29. Rxd4 Nc3 30. Re1 Nxa4 31. Rc1 Rfd8 32. Nf3 Rab8 33. b5 Rxd4 34. Nxd4
Bd5 35. c6 Nb6 36. Ra1 Kg7 37. Rxa7 Kf6 38. Nc2 Nc8 39. Rd7 Nb6 40. Ra7 Nc8 41.
Ra1 Ke7 42. Nb4 Be6 43. Na6 Rb6 44. Nc7 Nd6 45. Na8 Rb8 46. Ra7+ Kf6 47. Nc7 Bc4
48. Bxc4 Nxc4 49. Nd5+ Ke6 50. c7 Rc8 51. b6 Nd6 52. Nc3 1-0

[Event "Reykjavik Open 2015"]
[Site "Reykjavik ISL"]
[Date "2015.03.12"]
[Round "4.42"]
[White "Hardarson, Jon Trausti"]
[Black "L'Ami, Alina"]
[Result "1/2-1/2"]
[BlackTitle "IM"]
[WhiteElo "2170"]
[BlackElo "2393"]
[WhiteFideId "2302594"]
[BlackFideId "1210246"]
[EventDate "2015.03.10"]

1. d4 Nf6 2. c4 e6 3. Nc3 Bb4 4. Qc2 b6 5. a3 Bxc3+ 6. Qxc3 Bb7 7. Bg5 h6 8. Bh4
g5 9. Bg3 Ne4 10. Qc2 d6 11. e3 Nd7 12. Ne2 Ndf6 13. f3 Nxg3 14. hxg3 c5 15.
dxc5 dxc5 16. Rd1 Qc7 17. Kf2 h5 18. Nc3 h4 19. gxh4 gxh4 20. Rh3 a6 21. Be2 Ke7
22. Rdh1 Rag8 23. Bd3 Rg7 24. Be4 Bxe4 25. Nxe4 Nxe4+ 26. Qxe4 Qd7 27. Qc2 Rhg8
28. R1h2 Rd8 29. Qe2 Qd1 30. Qxd1 Rxd1 31. Rxh4 Rd2+ 32. Kg1 Rxb2 33. g4 Rb1+
34. Kf2 Rc1 35. Rh8 Rxc4 36. Rb8 b5 37. Rb7+ Kd6 38. Rb6+ Kc7 39. Rxa6 Rc2+ 40.
Kg3 Rxh2 41. Kxh2 c4 42. a4 b4 43. Ra5 Kc6 44. Rb5 b3 45. Rb4 Kc5 46. Rb5+ Kd6
47. Rb6+ Kd7 48. Rb4 Rg8 49. Rxc4 Rb8 50. Rc1 b2 51. Rb1 Kc6 52. Kg3 Kc5 53. Kf4
Kc4 54. Ke5 Kc3 55. Kf6 Rb7 56. e4 Kc2 57. Rg1 b1=Q 58. Rxb1 Kxb1 59. f4 Kc2 60.
f5 Kd3 61. fxe6 fxe6 62. e5 Ke4 63. g5 Kd5 64. g6 Rb1 65. g7 Rf1+ 66. Ke7 Rg1
67. Kf6 Rf1+ 68. Ke7 Rg1 1/2-1/2

[Event "Reykjavik Open 2015"]
[Site "Reykjavik ISL"]
[Date "2015.03.12"]
[Round "4.43"]
[White "Ahlander, Bjorn"]
[Black "Cabello Aguilar, Enrique"]
[Result "1-0"]
[WhiteTitle "IM"]
[WhiteElo "2380"]
[BlackElo "2015"]
[WhiteFideId "1700251"]
[BlackFideId "2231115"]
[EventDate "2015.03.10"]

1. e4 e5 2. Nf3 Nc6 3. Bb5 a6 4. Ba4 Nf6 5. O-O b5 6. Bb3 Bc5 7. c3 d6 8. d4 Bb6
9. h3 Bb7 10. Re1 O-O 11. a4 h6 12. axb5 axb5 13. Rxa8 Qxa8 14. d5 Na5 15. Bc2
Ba6 16. Nh4 Qd8 17. Nf5 Bc8 18. Qf3 Bxf5 19. Qxf5 g6 20. Qf3 Kg7 21. Na3 b4 22.
cxb4 Nb7 23. Nc4 Nd7 24. Bd2 Bd4 25. Bc3 Nb6 26. Na5 Bxc3 27. Qxc3 Qa8 28. f4 1-0

[Event "Reykjavik Open 2015"]
[Site "Reykjavik ISL"]
[Date "2015.03.12"]
[Round "4.44"]
[White "Brzezinski, Adam"]
[Black "Sarkar, Justin"]
[Result "0-1"]
[BlackTitle "IM"]
[WhiteElo "2150"]
[BlackElo "2376"]
[WhiteFideId "1710460"]
[BlackFideId "2010011"]
[EventDate "2015.03.10"]

1. d4 f5 2. Bg5 h6 3. Bh4 g5 4. e3 Nf6 5. Bg3 d6 6. h4 g4 7. Nc3 Bg7 8. Qd2 Nh5
9. Nge2 e5 10. dxe5 dxe5 11. Qxd8+ Kxd8 12. O-O-O+ Bd7 13. f3 gxf3 14. gxf3 c6
15. Bf2 Ke7 16. Rg1 Be6 17. Bh3 Bf6 18. e4 f4 19. Bc5+ Kf7 20. Bxe6+ Kxe6 21.
Rd6+ Kf7 22. Bf2 Ke7 23. Bc5 Kf7 24. Bf2 Be7 25. Rdd1 Ke6 26. Rg6+ Kf7 27. Rgg1
Ke6 28. Rg6+ Bf6 29. Na4 Nd7 30. c4 Rag8 31. Rdg1 Rxg6 32. Rxg6 a6 33. Kc2 Rh7
34. Kd2 Kf7 35. Rg4 Be7 36. a3 Rg7 37. Rxg7+ Nxg7 38. b4 Kg6 39. c5 Kh5 40. Nb2
Bxh4 41. Ke1 Ne6 42. Bxh4 Kxh4 43. Nc4 Kh3 44. Kf2 Kh2 45. Nc1 Ng5 46. Nd3 Nh3+
47. Ke2 Kg3 48. Ndxe5 Nxe5 49. Nxe5 h5 50. a4 Ng5 51. Kf1 h4 52. Kg1 h3 53. Kh1
Nxf3 54. Nxc6 bxc6 55. b5 axb5 56. axb5 Ne5 57. b6 f3 0-1

[Event "Reykjavik Open 2015"]
[Site "Reykjavik ISL"]
[Date "2015.03.12"]
[Round "4.45"]
[White "Arngrimsson, Dagur"]
[Black "Carlsen, Henrik"]
[Result "1/2-1/2"]
[WhiteTitle "IM"]
[WhiteElo "2366"]
[BlackElo "1986"]
[WhiteFideId "2301288"]
[BlackFideId "1502832"]
[EventDate "2015.03.10"]

1. d4 d5 2. c4 e6 3. Nf3 Nf6 4. Nbd2 c5 5. cxd5 exd5 6. g3 Nc6 7. Bg2 Be6 8. O-O
Rc8 9. a3 b6 10. Ne5 Nxd4 11. e3 Nc6 12. Nxc6 Rxc6 13. e4 Rc7 14. e5 Nd7 15. f4
f5 16. exf6 Nxf6 17. f5 Bf7 18. Nf3 Bd6 19. Ng5 Be5 20. Nf3 Bd6 21. Ng5 Be5 22.
Re1 Re7 23. Ne6 Bxe6 24. Rxe5 Bf7 25. Qe1 Nd7 26. Rxe7+ Qxe7 27. Bg5 Nf6 28.
Bxf6 gxf6 29. Qd2 O-O 30. Bxd5 Rd8 31. Bxf7+ Kxf7 32. Qc3 Qe4 1/2-1/2

[Event "Reykjavik Open 2015"]
[Site "Reykjavik ISL"]
[Date "2015.03.12"]
[Round "4.46"]
[White "Sigeman, Johan"]
[Black "Cummings, David H."]
[Result "1/2-1/2"]
[BlackTitle "IM"]
[WhiteElo "2123"]
[BlackElo "2345"]
[WhiteFideId "1705601"]
[BlackFideId "2603578"]
[EventDate "2015.03.10"]

1. c4 Nf6 2. Nc3 e5 3. Nf3 Nc6 4. e3 Bb4 5. Qc2 Bxc3 6. Qxc3 Qe7 7. Be2 d5 8.
cxd5 Nxd5 9. Qb3 Ndb4 10. a3 e4 11. axb4 exf3 12. Bxf3 Nd4 13. Qc3 Nxf3+ 14.
gxf3 O-O 15. Rg1 f6 16. b3 Be6 17. Bb2 Qf7 18. Ra5 h6 19. Rg3 b6 20. Ra1 Bxb3
21. Kf1 Qc4+ 22. d3 Qxc3 23. Bxc3 Rf7 24. Ke2 c6 25. Rgg1 Rd8 26. Ra3 Be6 27.
Rga1 Rdd7 28. Bb2 Rb7 29. Rc3 Bd7 30. Rca3 Be6 31. Rc3 Bd7 32. Rca3 Be8 33. Rc3
Rfe7 34. Rca3 Red7 35. Rc1 Rd5 36. Rca1 Rdd7 37. Rc1 Rd5 38. Rca1 c5 39. Rxa7
Rxa7 40. Rxa7 Bb5 41. Ra3 c4 42. Bd4 cxd3+ 43. Kd2 Rd6 44. Ra8+ Kh7 45. Rb8 Rc6
46. Bc5 bxc5 47. Rxb5 cxb4 48. Kxd3 Rc3+ 49. Kd2 Rc4 50. f4 Kg6 51. Kd3 Rc1 52.
Rxb4 Rh1 53. Ke2 Rxh2 54. Kf3 Rh5 55. Rb7 Ra5 56. Kg3 h5 57. Rc7 Rb5 1/2-1/2

[Event "Reykjavik Open 2015"]
[Site "Reykjavik ISL"]
[Date "2015.03.12"]
[Round "4.47"]
[White "Johannsson, Orn Leo"]
[Black "Nguyen, Thai Dai Van"]
[Result "0-1"]
[BlackTitle "FM"]
[WhiteElo "2107"]
[BlackElo "2338"]
[WhiteFideId "2303051"]
[BlackFideId "358878"]
[EventDate "2015.03.10"]

1. e4 c5 2. Nf3 d6 3. Bb5+ Bd7 4. Bxd7+ Qxd7 5. O-O Nf6 6. Re1 Nc6 7. c3 e6 8.
d4 cxd4 9. cxd4 d5 10. e5 Ne4 11. Nbd2 Nxd2 12. Bxd2 Be7 13. Bc3 O-O 14. Nd2 b5
15. Nb3 a5 16. a4 Rfb8 17. axb5 Rxb5 18. Nc1 h6 19. f4 Rab8 20. Rf1 Bd8 21. Qh5
Nb4 22. Ne2 Nd3 23. Rf3 Nxb2 24. Raf1 Nc4 25. Rg3 Kh7 26. f5 exf5 27. Nf4 R5b6
28. e6 fxe6 29. Qg6+ Kh8 30. Nh5 Bg5 31. h4 Be3+ 32. Kh2 e5 33. Qxg7+ Qxg7 34.
Rxg7 exd4 35. Rxf5 R6b7 36. Rff7 Rxf7 37. Rxf7 Rb6 38. Be1 d3 39. Nf6 Rxf6 40.
Rxf6 d2 41. Bxd2 Bxd2 42. Kh3 Kg7 43. Ra6 d4 44. Kg4 d3 45. Kf3 Bb4 46. g4 d2
47. Ke2 Nb2 48. Ra7+ Kg6 0-1